<?xml version="1.0" encoding="UTF-8"?>
<record
    xmlns:xsi="http://www.w3.org/2001/XMLSchema-instance"
    xsi:schemaLocation="http://www.loc.gov/MARC21/slim http://www.loc.gov/standards/marcxml/schema/MARC21slim.xsd"
    xmlns="http://www.loc.gov/MARC21/slim">

  <leader>05883nam a2200457 a 4500</leader>
  <controlfield tag="003">CHAP</controlfield>
  <controlfield tag="005">20250707174449.0</controlfield>
  <controlfield tag="007">ta</controlfield>
  <controlfield tag="008">250611s2024    mx abd|fsm||| 001 0 spa d</controlfield>
  <datafield tag="040" ind1=" " ind2=" ">
    <subfield code="e">rda</subfield>
  </datafield>
  <datafield tag="041" ind1=" " ind2=" ">
    <subfield code="a">spa</subfield>
    <subfield code="b">eng</subfield>
  </datafield>
  <datafield tag="100" ind1="1" ind2=" ">
    <subfield code="a">Jauregui Garc&#xED;a, Carla Zulema</subfield>
    <subfield code="9">133531</subfield>
  </datafield>
  <datafield tag="240" ind1="1" ind2="0">
    <subfield code="a">Physical-chemical, sensory and spectroscopic profile of mexican red wine, economic valuation and conceptualization.</subfield>
    <subfield code="l">Espa&#xF1;ol</subfield>
  </datafield>
  <datafield tag="245" ind1="1" ind2="0">
    <subfield code="a">Perfil f&#xED;sico-qu&#xED;mico, sensorial y espectrosc&#xF3;pico de vino tinto mexicano, valoraci&#xF3;n econ&#xF3;mica y conceptualizaci&#xF3;n /</subfield>
    <subfield code="c">Carla Zulema Jauregui Garc&#xED;a</subfield>
  </datafield>
  <datafield tag="264" ind1=" " ind2=" ">
    <subfield code="a">Chapingo, M&#xE9;xico :</subfield>
    <subfield code="b">El autor,</subfield>
    <subfield code="c">2024</subfield>
  </datafield>
  <datafield tag="300" ind1=" " ind2=" ">
    <subfield code="a">1 recurso en l&#xED;nea (xix, 208 p&#xE1;ginas) :</subfield>
    <subfield code="b">ilustraciones, mapas, gr&#xE1;ficas, diagramas, tablas</subfield>
  </datafield>
  <datafield tag="336" ind1=" " ind2=" ">
    <subfield code="2">rdacontent</subfield>
    <subfield code="a">texto</subfield>
    <subfield code="b">txt</subfield>
  </datafield>
  <datafield tag="337" ind1=" " ind2=" ">
    <subfield code="2">rdamedia</subfield>
    <subfield code="a">computadora</subfield>
    <subfield code="b">c</subfield>
  </datafield>
  <datafield tag="338" ind1=" " ind2=" ">
    <subfield code="2">rdacarrier</subfield>
    <subfield code="a">recurso en l&#xED;nea</subfield>
    <subfield code="b">cr</subfield>
  </datafield>
  <datafield tag="502" ind1=" " ind2=" ">
    <subfield code="a">Tesis</subfield>
    <subfield code="b">DCA</subfield>
    <subfield code="c">Agroindustrias</subfield>
    <subfield code="d">2024</subfield>
    <subfield code="g">DOC</subfield>
  </datafield>
  <datafield tag="504" ind1=" " ind2=" ">
    <subfield code="a">Incluye bibliograf&#xED;as</subfield>
  </datafield>
  <datafield tag="520" ind1="3" ind2=" ">
    <subfield code="a">El vino es una bebida compuesta de una matriz compleja de compuestos vol&#xE1;tiles y no vol&#xE1;tiles, sin embargo, pueden existir otros factores relacionados con el vino que influyen en su consumo. Los prop&#xF3;sitos de esta investigaci&#xF3;n fueron caracterizar la cadena agroindustrial del vino tinto Shiraz en Parras, Coahuila, determinar su perfil f&#xED;sico-qu&#xED;mico, sensorial y espectrosc&#xF3;pico, as&#xED; como realizar el estudio del consumidor mediante conceptualizaci&#xF3;n y valoraci&#xF3;n econ&#xF3;mica. La cadena agroindustrial se realiz&#xF3; mediante estudios de caso, el perfil f&#xED;sico-qu&#xED;mico se evalu&#xF3; empleando los m&#xE9;todos de la OIV, el perfil sensorial por un an&#xE1;lisis descriptivo cuantitativo; y el perfil espectrosc&#xF3;pico por infrarrojo cercano, ultravioleta-visible y fluorescencia. La conceptualizaci&#xF3;n se realiz&#xF3; por prueba de asociaci&#xF3;n libre de palabras y la valoraci&#xF3;n econ&#xF3;mica mediante valoraci&#xF3;n contingente y experimentos de elecci&#xF3;n discreta. La producci&#xF3;n de vino Shiraz era de 20-25 % en la regi&#xF3;n de Parras, los procesos presentaron modificaciones puntuales entre cada vin&#xED;cola. Los perfiles f&#xED;sico-qu&#xED;micos, sensoriales y espectrosc&#xF3;picos permitieron diferenciar a los vinos producidos en una misma regi&#xF3;n. Las conceptualizaciones sociales del vino incluyeron significados utilitarios y simb&#xF3;licos. La valoraci&#xF3;n econ&#xF3;mica estuvo influenciada por factores como el ingreso mensual, preferencias de consumo, accesibilidad del producto, entre otros. La disposici&#xF3;n a pagar un costo extra por este tipo de productos es principalmente moderada. Finalmente, los atributos extr&#xED;nsecos del vino tinto que influyeron positivamente en la disposici&#xF3;n a pagar fueron el origen (Baja California y Coahuila) y la obtenci&#xF3;n de medallas. El vino Shiraz producido en la regi&#xF3;n de Parras, Coahuila present&#xF3; diferencias significativas f&#xED;sico-qu&#xED;micas, sensoriales y espectrosc&#xF3;picas, influenciadas principalmente por la altitud y proceso de producci&#xF3;n. --</subfield>
  </datafield>
  <datafield tag="520" ind1="3" ind2=" ">
    <subfield code="a">Wine is a beverage composed of a complex matrix of volatile and non-volatile compounds, however, there may be other factors related to wine that influence its consumption. The purposes of this research were to characterize the agroindustrial chain of Shiraz red wine in Parras, Coahuila, determine its physical-chemical, sensory and spectroscopic profile, as well as conduct a consumer study through conceptualization and economic valuation. The agroindustrial chain was carried out through case studies, the physical-chemical profile was evaluated using the OIV methods, the sensory profile by a quantitative descriptive analysis; and the near-infrared, ultraviolet-visible and fluorescence spectroscopic profile. Conceptualization was carried out by free word association test and economic evaluation through contingent valuation and discrete choice experiments. The production of Shiraz wine was 20-25 % in the Parras region, the processes presented specific modifications between each winery. The physicochemical, sensory and spectroscopic profiles allowed the differentiation of wines produced in the same region. Social representations of wine included utilitarian and symbolic meanings. The economic valuation was influenced by factors such as monthly income, consumer preferences, product accessibility, among others. The willingness to pay an extra cost for this type of product is mainly moderate. Finally, the extrinsic attributes of red wine that positively influenced the willingness to pay were the origin (Baja California and Coahuila) and the obtaining of medals. The Shiraz wine produced in the region of Parras, Coahuila presented significant physical-chemical, sensory and spectroscopic differences, mainly influenced by altitude and production process.</subfield>
  </datafield>
  <datafield tag="650" ind1="1" ind2="3">
    <subfield code="a">Vinos tintos  </subfield>
    <subfield code="x">An&#xE1;lisis  </subfield>
    <subfield code="2">atg</subfield>
    <subfield code="9">153190</subfield>
    <subfield code="z">M&#xE9;xico</subfield>
  </datafield>
  <datafield tag="650" ind1="1" ind2="3">
    <subfield code="a">Vinos</subfield>
    <subfield code="x">Propiedades fisicoqu&#xED;micas</subfield>
    <subfield code="2">atg</subfield>
    <subfield code="9">190621</subfield>
  </datafield>
  <datafield tag="650" ind1="1" ind2="3">
    <subfield code="a">Vinos</subfield>
    <subfield code="x">Propiedades sensoriales</subfield>
    <subfield code="2">atg</subfield>
    <subfield code="9">190623</subfield>
  </datafield>
  <datafield tag="650" ind1="1" ind2="3">
    <subfield code="a">Vinos</subfield>
    <subfield code="2">atg</subfield>
    <subfield code="x">Espectroscop&#xED;a del infrarrojo cercano</subfield>
    <subfield code="9">119879</subfield>
  </datafield>
  <datafield tag="650" ind1="1" ind2="3">
    <subfield code="a">Vinos</subfield>
    <subfield code="2">atg</subfield>
    <subfield code="x">Espectroscop&#xED;a de ultravioleta visible</subfield>
    <subfield code="9">119879</subfield>
  </datafield>
  <datafield tag="650" ind1="1" ind2="3">
    <subfield code="a">Vinos</subfield>
    <subfield code="2">atg</subfield>
    <subfield code="x">Valuaci&#xF3;n econ&#xF3;mica</subfield>
    <subfield code="9">119879</subfield>
  </datafield>
  <datafield tag="650" ind1="1" ind2="3">
    <subfield code="a">Red wines  </subfield>
    <subfield code="x">Analysis   </subfield>
    <subfield code="2">atg</subfield>
    <subfield code="9">153189</subfield>
    <subfield code="z">Mexico</subfield>
  </datafield>
  <datafield tag="650" ind1="1" ind2="3">
    <subfield code="a">Wines</subfield>
    <subfield code="x">Physicochemical properties</subfield>
    <subfield code="2">atg</subfield>
    <subfield code="9">190622</subfield>
  </datafield>
  <datafield tag="650" ind1="1" ind2="3">
    <subfield code="a">Wines</subfield>
    <subfield code="x">Sensory properties</subfield>
    <subfield code="2">atg</subfield>
    <subfield code="9">190624</subfield>
  </datafield>
  <datafield tag="650" ind1="1" ind2="3">
    <subfield code="a">Wines  </subfield>
    <subfield code="x">Near-infrared spectroscopy</subfield>
    <subfield code="2">atg</subfield>
    <subfield code="9">148017</subfield>
  </datafield>
  <datafield tag="650" ind1="1" ind2="3">
    <subfield code="a">Wines  </subfield>
    <subfield code="x">Ultraviolet-visible spectroscopy</subfield>
    <subfield code="2">atg</subfield>
    <subfield code="9">148017</subfield>
  </datafield>
  <datafield tag="650" ind1="1" ind2="3">
    <subfield code="a">Wines  </subfield>
    <subfield code="x">Economic valuation</subfield>
    <subfield code="2">atg</subfield>
    <subfield code="9">148017</subfield>
  </datafield>
  <datafield tag="700" ind1="1" ind2=" ">
    <subfield code="a">Espejel Garc&#xED;a, Anastacio</subfield>
    <subfield code="9">147446</subfield>
    <subfield code="e">director</subfield>
  </datafield>
  <datafield tag="700" ind1="1" ind2=" ">
    <subfield code="a">Barrera Rodr&#xED;guez, Ariadna Isabel</subfield>
    <subfield code="9">163078</subfield>
    <subfield code="e">asesora</subfield>
  </datafield>
  <datafield tag="700" ind1="1" ind2=" ">
    <subfield code="a">Hern&#xE1;ndez Rodr&#xED;guez, Landy</subfield>
    <subfield code="9">54548</subfield>
    <subfield code="e">asesora</subfield>
  </datafield>
  <datafield tag="856" ind1="4" ind2="0">
    <subfield code="u">http://10.13.5.2/tesis/td/1913214-6_JAUREGUI_GARC&#xCD;A_CARLA_ZULEMA.pdf</subfield>
    <subfield code="y">DESCARGAR PDF</subfield>
  </datafield>
  <datafield tag="942" ind1=" " ind2=" ">
    <subfield code="2">Clasificaci&#xF3;n Universidad Aut&#xF3;noma Chapingo</subfield>
    <subfield code="c">TD</subfield>
  </datafield>
  <datafield tag="999" ind1=" " ind2=" ">
    <subfield code="c">220593</subfield>
    <subfield code="d">220593</subfield>
  </datafield>
  <datafield tag="952" ind1=" " ind2=" ">
    <subfield code="0">0</subfield>
    <subfield code="1">0</subfield>
    <subfield code="2">local</subfield>
    <subfield code="4">0</subfield>
    <subfield code="7">0</subfield>
    <subfield code="8">TesdigD</subfield>
    <subfield code="a">IA_</subfield>
    <subfield code="b">IA_</subfield>
    <subfield code="c">E_L</subfield>
    <subfield code="d">2025-06-11</subfield>
    <subfield code="e">El autor</subfield>
    <subfield code="l">0</subfield>
    <subfield code="p">1201015545</subfield>
    <subfield code="r">2025-06-11 19:24:50</subfield>
    <subfield code="w">2025-06-11</subfield>
    <subfield code="y">TD</subfield>
  </datafield>
</record>
